MARC

LEADER 00000nmm0a2200000 4500
001 174481
005 20231101223150.0
010 |a 9780194575775 
035 |a (RuTPU)RU\TPU\book\189211 
035 |a RU\TPU\book\170712 
090 |a 174481 
100 |a 20100128d2008 m y0engy50 ba 
101 0 |a eng 
102 |a US 
105 |a a j 001zy 
200 1 |a ProFile 3  |e Upper-Intermediate. Student's Book  |f J. Naunton 
210 |a New York  |c Oxford University Press  |d 2008 
215 |a 168 p.  |c il.  |e CD-ROM 
225 1 |a Oxford Business English 
320 |a Glossary: p. 164-167. 
606 1 |a Английский язык  |x Учебные руководства и пособия  |x Учебные руководства и пособия для высшей школы  |2 stltpush  |3 (RuTPU)RU\TPU\subj\29071  |9 52483 
610 1 |a лексика 
610 1 |a грамматика 
610 1 |a разговорная речь 
610 1 |a упражнения 
610 1 |a CD-ROM 
610 1 |a бизнес 
686 |a Ш143.21-923  |v LBC/SL-A  |2 rubbk 
700 1 |a Naunton  |b J.  |g Jon 
801 1 |a RU  |b 63413507  |c 20090408  |g PSBO 
801 2 |a RU  |b 63413507  |c 20141031  |g PSBO 
942 |c MX